LEADER 02287nam 2200493z- 450 001 9910557521403321 005 20211118 035 $a(CKB)5400000000044365 035 $a(oapen)https://directory.doabooks.org/handle/20.500.12854/73796 035 $a(oapen)doab73796 035 $a(EXLCZ)995400000000044365 100 $a20202111d2020 |y 0 101 0 $aeng 135 $aurmn|---annan 181 $ctxt$2rdacontent 182 $cc$2rdamedia 183 $acr$2rdacarrier 200 00$aInteractions of Plants With Bacteria and Fungi: Molecular and Epigenetic Plasticity of the Host 210 $cFrontiers Media SA$d2020 215 $a1 online resource (194 p.) 311 08$a2-88963-654-2 330 $aThis eBook is a collection of articles from a Frontiers Research Topic. Frontiers Research Topics are very popular trademarks of the Frontiers Journals Series: they are collections of at least ten articles, all centered on a particular subject. With their unique mix of varied contributions from Original Research to Review Articles, Frontiers Research Topics unify the most influential researchers, the latest key findings and historical advances in a hot research area! Find out more on how to host your own Frontiers Research Topic or contribute to one as an author by contacting the Frontiers Editorial Office: frontiersin.org/about/contact 517 $aInteractions of Plants With Bacteria and Fungi 606 $aBotany & plant sciences$2bicssc 606 $aScience: general issues$2bicssc 610 $agenotypes 610 $amolecular mechanisms 610 $aomics tools 610 $aplant-bacterial interactions 610 $aplant-fungal interactions 615 7$aBotany & plant sciences 615 7$aScience: general issues 700 $aFiorilli$b Valentina$4edt$01314031 702 $aCatoni$b Marco$4edt 702 $aLanfranco$b Luisa$4edt 702 $aRadu Zabet$b Nicolae$4edt 702 $aFiorilli$b Valentina$4oth 702 $aCatoni$b Marco$4oth 702 $aLanfranco$b Luisa$4oth 702 $aRadu Zabet$b Nicolae$4oth 906 $aBOOK 912 $a9910557521403321 996 $aInteractions of Plants With Bacteria and Fungi: Molecular and Epigenetic Plasticity of the Host$93031603 997 $aUNINA